La universidad de Costa Rica y la Administración en el Contexto Universitario
Guardado en:
| Institution som forfatter: | |
|---|---|
| Format: | Procedimiento de la Conferencia Bog |
| Sprog: | Spanish |
| Udgivet: |
San José, Costa Rica :
La Universidad,
1999
|
| Fag: | |
| Tags: |
Tilføj Tag
Ingen Tags, Vær først til at tagge denne postø!
|
MARC
| LEADER | 00000nam a2200000Ia 4500 | ||
|---|---|---|---|
| 008 | 180607b1999 cr ||||| |||| 00| | spa d | ||
| 999 | |c 1925 |d 1925 | ||
| 090 | |a 06.04.05 |b 736 | ||
| 111 | |a Taller-Encuentro de Administrativos [ 1° : 1999 : San José, Costa Rica] |9 3745 | ||
| 245 | 1 | 3 | |a La universidad de Costa Rica y la Administración en el Contexto Universitario |
| 260 | |a San José, Costa Rica : |b La Universidad, |c 1999 | ||
| 300 | |a 67 páginas | ||
| 500 | |a Organizado por: Gilbert Muñoz Salazar, Representante del Sector Administrativo del Consejo Universitario | ||
| 610 | 4 | |a UNIVERSIDAD DE COSTA RICA |9 714 | |
| 650 | 1 | 4 | |a INSTITUCIONES DE ENSEÑANZA SUPERIOR |9 788 |
| 650 | 1 | 4 | |a ADMINISTRACIÓN |9 2299 |
| 942 | |i 001243 |h 06.04.05 736 |2 z |c 01 | ||
